[Event "Dortmund Sparkassen op-C 47th"]
[Site "Dortmund"]
[Date "2019.07.15"]
[Round "3"]
[White "Hoffmann, Anastasia"]
[Black "Stoltmann, Till Roman"]
[Result "0-1"]
[WhiteElo "1217"]
[BlackElo "1434"]
[PlyCount "46"]
[EventDate "2019.07.13"]
[EventType "swiss"]
[EventRounds "9"]
[EventCountry "GER"]
[SourceTitle "CBM 192 Extra"]
[Source "Chessbase"]
[SourceDate "2019.11.06"]
[SourceVersion "1"]
[SourceVersionDate "2019.11.06"]
[SourceQuality "1"]

1. d4 d5 2. Nf3 Bf5 3. g3 Nf6 4. Bg2 e6 5. 0-0 c5 6. c4 Nc6 7. Nc3 Be7 8. cxd5 exd5 9. h3 0-0 10. Be3 c4 11. Ne5 Rc8 12. Rc1 Bb4 13. Nxc6 Rxc6 14. Qa4 Bxc3 15. Rxc3 Qb6 16. b3 Rfc8 17. bxc4 Rxc4 18. Rxc4 Rxc4 19. Qb3 Qxb3 20. axb3 Rc2 21. Ra1 a6 22. Kf1 Rb2 23. Ra3 Rb1+ 0-1

[Event "Dortmund Sparkassen op-C 47th"]
[Site "Dortmund"]
[Date "2019.07.14"]
[Round "2"]
[White "Stoltmann, Till Roman"]
[Black "Froelich, Andreas"]
[Result "1-0"]
[WhiteElo "1434"]
[BlackElo "1101"]
[PlyCount "29"]
[EventDate "2019.07.13"]
[EventType "swiss"]
[EventRounds "9"]
[EventCountry "GER"]
[SourceTitle "CBM 192 Extra"]
[Source "Chessbase"]
[SourceDate "2019.11.06"]
[SourceVersion "1"]
[SourceVersionDate "2019.11.06"]
[SourceQuality "1"]

1. d4 d5 2. c4 dxc4 3. Nf3 Nf6 4. Nc3 Bg4 5. e4 e6 6. Bxc4 h6 7. Be3 Bb4 8. Qa4+ Nc6 9. Bb5 Bxc3+ 10. bxc3 Qd7 11. Ne5 Qd6 12. Nxc6 bxc6 13. Bxc6+ Ke7 14. e5 Qd8 15. Qb4+ 1-0